| 000 | 01001cam a2200241 4500 | ||
|---|---|---|---|
| 001 | WB3734-12 | ||
| 008 | 010911n2001 000 0 eng u | ||
| 035 | _a(Sirsi) u114521 | ||
| 245 | _aTrust for assembling brownfield sites | ||
| 260 | _c2001 | ||
| 490 |
_aUrban Environment Today _v(129) 30 August 2001, 3(1) |
||
| 520 | _aThe South East of England Development Agency (SEEDA) is establishing a brownfield land assembly trust to help local councils compulsorily purchase difficult land to redevelop. The trust will help fund the purchase of sites, and claim back money once they are sold for redevelopment. The majority of sites are expected to be used for affordable housing. | ||
| 590 | _aWB | ||
| 650 | _aSEEDA | ||
| 650 | _aSOUTH EAST | ||
| 650 | _aREGIONAL DEVELOPMENT AGENCIES | ||
| 650 |
_aAffordable housing _96215 |
||
| 650 | _aBROWNFIELD SITES | ||
| 650 | _aLOCAL COUNCILS | ||
| 650 |
_aCompulsory purchase _96228 |
||
| 690 | _aPROPERTY-PROPERTY DEVELOPMENT | ||
| 942 | _n0 | ||
| 999 |
_c68227 _d68227 |
||